| 000 | 00647nam a2200205 a 4500 | ||
|---|---|---|---|
| 005 | 20140310183244.0 | ||
| 008 | 040823s19uu xx 00 eng d | ||
| 020 | _a1572308907 | ||
| 050 |
_aLB 1140.5.L3 _b.M36 2003 |
||
| 100 | _aMcGee, Lea M. | ||
| 245 |
_aDesigning early literacy programs. / _cLea M. McGee |
||
| 260 |
_aNew York : _bThe Guildford Press, _c2003. |
||
| 300 |
_a214 p. : _c24 cm. |
||
| 520 | _aStrategies for at-risk preschool and kindergarten children. | ||
| 521 | _aEDU | ||
| 650 |
_aLanguage Arts (Pre-School) _xUnited States _xCase Studies. |
||
| 700 | _aRichgels, Donald J. | ||
| 942 |
_cBK _2lcc _kFOR |
||
| 999 |
_c20662 _d20662 |
||